Dictionary of agriculture german, english, franch, spanish
Na minha lista:
| Outros Autores: | |
|---|---|
| Formato: | Livro |
| Idioma: | inglês alemão francês espanhol |
| Publicado em: |
Amsterdam
Elsevier Publishing
1966
|
| Edição: | 3. ed. |
| Tags: |
Sem tags, seja o primeiro a adicionar uma tag!
|
MARC
| LEADER | 00000nam a2200000 4500 | ||
|---|---|---|---|
| 001 | c122615 | ||
| 005 | 20150325111258.9 | ||
| 041 | 0 | |a eng | |
| 041 | 0 | |a ger | |
| 041 | 0 | |a fre | |
| 041 | 0 | |a spa | |
| 044 | |a NL | ||
| 245 | 1 | 0 | |a Dictionary of agriculture |b german, english, franch, spanish |c Compiled by Günther Haensch |
| 250 | |a 3. ed. | ||
| 264 | 1 | |a Amsterdam |b Elsevier Publishing |c 1966 | |
| 300 | |a 746 s. | ||
| 700 | 1 | |a Haensch, Günther | |